The Gospel for Muslims : (Record no. 9429)

MARC details
000 -LEADER
fixed length control field 01078cam a2200265 a 4500
001 - CONTROL NUMBER
control field 457150882
003 - CONTROL NUMBER IDENTIFIER
control field OCoLC
005 - DATE AND TIME OF LATEST TRANSACTION
control field 20241126110712.0
008 - FIXED-LENGTH DATA ELEMENTS--GENERAL INFORMATION
fixed length control field 091103s2010 ilu b 000 0 eng
010 ## -
-- 2009046510
020 ## - INTERNATIONAL STANDARD BOOK NUMBER
International Standard Book Number 9780802471116 (pbk.)
020 ## - INTERNATIONAL STANDARD BOOK NUMBER
International Standard Book Number 0802471110 (pbk.)
035 ## - SYSTEM CONTROL NUMBER
System control number (OCoLC)457150882
040 ## - CATALOGING SOURCE
Original cataloging agency DLC
Transcribing agency DLC
Modifying agency BTCTA
-- ITC
-- SGB
082 ## - DEWEY DECIMAL CLASSIFICATION NUMBER
Classification number 248.5
Item number ANY
092 ## - LOCALLY ASSIGNED DEWEY CALL NUMBER (OCLC)
Classification number 248.5
Item number A637G
100 1# - MAIN ENTRY--PERSONAL NAME
Personal name Anyabwile, Thabiti M.,
Dates associated with a name 1970-
9 (RLIN) 16447
245 14 - TITLE STATEMENT
Title The Gospel for Muslims :
Remainder of title an encouragement to share Christ with confidence /
Statement of responsibility, etc. Thabiti Anyabwile
260 ## - PUBLICATION, DISTRIBUTION, ETC.
Place of publication, distribution, etc. Chicago :
Name of publisher, distributor, etc. Moody Publishers,
Date of publication, distribution, etc. 2010
300 ## - PHYSICAL DESCRIPTION
Extent 176 p. ;
Dimensions 19 cm
504 ## - BIBLIOGRAPHY, ETC. NOTE
Bibliography, etc. note Includes bibliographical references (p. [173]-176)
520 ## - SUMMARY, ETC.
Summary, etc. Thabiti Anyabwile, himself a convert from Islam to Christianity, instructs you in ways to share the good news of Christ with your neighbors and friends. The Gospel for Muslims allows you to focus on the people rather than the religious system. --from publisher description
650 #0 - SUBJECT ADDED ENTRY--TOPICAL TERM
Topical term or geographic name entry element Missions to Muslims
9 (RLIN) 3274
942 ## - ADDED ENTRY ELEMENTS (KOHA)
Source of classification or shelving scheme Dewey Decimal Classification
Koha item type Books
Koha issues (borrowed), all copies 1
Holdings
Withdrawn status Lost status Source of classification or shelving scheme Damaged status Not for loan Home library Current Library Shelving location Date acquired Total checkouts Full call number Barcode Date last seen Date last checked out Copy number Price effective from Koha item type
    Dewey Decimal Classification     GRACE BIBLE COLLEGE GRACE BIBLE COLLEGE Ministry & Mission 2022-12-05 1 248.5 ANY 015915 2025-05-01 2024-02-24 c.1 2022-12-05 Books
    Dewey Decimal Classification     GRACE BIBLE COLLEGE GRACE BIBLE COLLEGE Ministry & Mission 2024-01-15   248.5 ANY 016440 2025-05-01   c.2 2024-01-15 Books
© Grace Bible College Library 2025